000 00458nam a2200181Ia 4500
001 16138
005 20260306170247.0
008 260306t2012||||xx |||||||||||||| ||und||
041 _aESP
082 _a347
_bA44 T. 1
100 _aAlmoguera García, Jesús
_eAUT
245 0 _aFundamentos de derecho empresarial:
_bempresario, empresa y mercado
260 _c2012
300 _a
_c23 cm.
650 _aGEN
654 _aCAN
942 _cLIB
_dJUS
_fJUS
_2ddc
_n
999 _c16138
_d16138